000
00204 a2200109 4500
020
_a
9780888999818
041
_a
spa
100
_a
Jorge Argueta
245
_a
Arroz con Leche
942
_c
BK
952
_7
1
999
_c
21179
_d
21179